000 01129nam a2200229Ia 4500
003 Ost
005 20260507075706.0
008 260507s9999||||xx |||||||||||||| ||und||
020 _a9789931083405
040 _cfsecg
041 _aara
082 _a350.996
100 _aبوفالطة،محمد سيف الدين
_eمؤلف
245 0 _aالفساد و أخلاقيات العمل /
_cمحمد سيف الدين بوفالطة
260 _aالجزائر:
_bالفا للوثائق,
_c2022
300 _a168 صفحة؛
_bإيضاحات ؛
_c24 سم
504 _aمراجع ص.159
520 _aجوهر الفساد و أنواعه و مظاهر الفساد الاداري و المالي ، أسباب الفساد الإداري و المالي و آثاره ، محاربة الفساد من طرف الهيئات و المنظمات الدولية و المحلية ، طرق علاج الفساد و أبرز التجارب الدولية في مكافحته و أخيرا أخلاقيات العمل.
653 _aأخلاقيات العمل
653 _aالفساد الاداري
942 _cكتاب
999 _c45870
_d45870